000 00612nam a22001817a 4500
005 20251108165901.0
008 250721s1946 xx 000 0 ara d
082 1 4 _aم/636.1/كلب
100 1 _aإبن الكلبي، أبو المنذر هشام
245 1 0 _aأنساب الخيل في الجاهلية و الإسلام و أخبارها /
264 1 _aالقاهرة :
_bدار الكتب المصرية،
_c1946.
300 _a136ص
650 1 7 _aالخيول
650 1 7 _aالخيول العربية
700 1 _aالباشا، أحمد زكي
_eتحقيق
942 _2ddc
_cREF
999 _c33834
_d33834